[Event "Ïåðâåíñòâî Ìîñêâû"]
[Site "ÐœÐ¾Ñ�ÐºÐ²Ð°, ÐœÐ“Ð˜ÐœÐž Ð¿Ñ€."]
[Date "2018.11.25"]
[Round "9.2"]
[White "Nur-Mukhametova, Alisa"]
[Black "Efendieva, Alina"]
[Result "1-0"]
[WhiteElo "2017"]
[BlackElo "1787"]
[PlyCount "83"]
[EventDate "2018.11.18"]

1. e4 e5 2. Nf3 Nc6 3. Bb5 a6 4. Ba4 Nf6 5. O-O Be7 6. Re1 b5 7. Bb3 d6 8. c3
Na5 9. Bc2 c5 10. d4 cxd4 11. cxd4 Bg4 12. dxe5 Bxf3 13. Qxf3 dxe5 14. Qg3 Qc7
15. Nc3 O-O 16. Bh6 Ne8 17. Rac1 Kh8 18. Nd5 Qd6 19. Bd2 Nc6 20. Bb3 Bd8 21.
Red1 Nd4 22. Kf1 a5 23. Bc3 Nxb3 24. Bxe5 Qe6 25. axb3 f6 26. Bc7 Qxe4 27. Bxd8
Rxd8 28. Nc3 Rxd1+ 29. Rxd1 Qc2 30. Qd3 Qxb2 31. Nxb5 Qe5 32. g3 Nc7 33. Nd6
Qe6 34. Kg2 Rb8 35. Qc4 Qxc4 36. Nxc4 Kg8 37. Nxa5 Ne6 38. Rd5 Rb4 39. Rd3 Rb5
40. Nc6 Nc5 41. Rd5 Rxb3 42. Rxc5 1-0

[Event "Ïåðâåíñòâî Ìîñêâû"]
[Site "ÐœÐ¾Ñ�ÐºÐ²Ð°, ÐœÐ“Ð˜ÐœÐž Ð¿Ñ€."]
[Date "2018.11.25"]
[Round "9.3"]
[White "Khachatryan, Marieta"]
[Black "Zaitseva, Lyudmila"]
[Result "0-1"]
[WhiteElo "1845"]
[BlackElo "1981"]
[PlyCount "96"]
[EventDate "2018.11.18"]

1. e4 e6 2. d4 d5 3. Nd2 Nf6 4. e5 Nfd7 5. Bd3 c5 6. c3 Nc6 7. Ne2 cxd4 8. cxd4
f6 9. exf6 Qxf6 10. Nf3 h6 11. O-O Bd6 12. a3 O-O 13. Bc2 Rf7 14. Ng3 Nf8 15.
Re1 Bd7 16. Nh5 Qd8 17. Ne5 Nxe5 18. dxe5 Bc5 19. Nf4 Qb6 20. Rf1 Bb5 21. Bd3
Be8 22. Qe2 Rc8 23. Be3 Bxe3 24. fxe3 Qc7 25. Rfc1 Qxc1+ 26. Rxc1 Rxc1+ 27. Kf2
g5 28. Qg4 Kh8 29. Qh3 gxf4 30. Qxh6+ Kg8 31. exf4 Rg7 32. f5 Rcc7 33. f6 Rg4
34. h3 Bg6 35. hxg4 Bxd3 36. Qe3 Rc2+ 37. Kg1 Be4 38. g3 b6 39. a4 Ng6 40. Qh6
Rc7 41. Qg5 Rh7 42. b4 Kf7 43. a5 d4 44. axb6 axb6 45. Kf2 Rh2+ 46. Ke1 d3 47.
Qe3 Re2+ 48. Qxe2 dxe2 0-1

[Event "Ïåðâåíñòâî Ìîñêâû"]
[Site "ÐœÐ¾Ñ�ÐºÐ²Ð°, ÐœÐ“Ð˜ÐœÐž Ð¿Ñ€."]
[Date "2018.11.25"]
[Round "9.4"]
[White "Ivanova, Anastasia S"]
[Black "Girshgorn, Maria"]
[Result "1-0"]
[WhiteElo "1696"]
[BlackElo "1949"]
[PlyCount "89"]
[EventDate "2018.11.18"]

1. e4 c6 2. d4 d5 3. Nc3 dxe4 4. Nxe4 Nf6 5. Nxf6+ exf6 6. Nf3 Bd6 7. Be2 O-O
8. O-O Nd7 9. c4 Re8 10. Be3 Nf8 11. Re1 Ng6 12. Qb3 Qc7 13. g3 f5 14. c5 Bf8
15. Bd3 f4 16. Bxf4 Rxe1+ 17. Rxe1 Nxf4 18. gxf4 Qxf4 19. Bc4 b5 20. cxb6 axb6
21. Ne5 Ra7 22. Re3 Bg4 23. Qxb6 Re7 24. Qxc6 Qxd4 25. Qe4 Qxe4 26. Rxe4 Bf5
27. Re3 g6 28. b4 Bh6 29. Re2 Rc7 30. Nxf7 Bf4 31. Nd6+ Kf8 32. Re8+ Kg7 33.
Nxf5+ gxf5 34. Bd3 Kf7 35. Re2 Kf6 36. Rc2 Rg7+ 37. Kh1 Rd7 38. Be2 Be5 39. b5
Bd4 40. Bf3 Ke5 41. a4 Kf4 42. Bc6 Ra7 43. Rc4 Ke5 44. f4+ Kxf4 45. Rxd4+ 1-0

[Event "Ïåðâåíñòâî Ìîñêâû"]
[Site "ÐœÐ¾Ñ�ÐºÐ²Ð°, ÐœÐ“Ð˜ÐœÐž Ð¿Ñ€."]
[Date "2018.11.25"]
[Round "9.5"]
[White "Bystrova, Anna"]
[Black "Kokueva, Alisa"]
[Result "0-1"]
[WhiteElo "1329"]
[BlackElo "1717"]
[PlyCount "94"]
[EventDate "2018.11.18"]

1. e4 e5 2. Nf3 Nc6 3. Bc4 Bc5 4. d3 Nf6 5. Bg5 d6 6. a3 h6 7. Bh4 g5 8. Bg3
Bg4 9. h3 Bh5 10. Nbd2 Qd7 11. c3 a6 12. Qc2 Bg6 13. O-O-O O-O-O 14. Nb3 Bb6
15. Rhe1 Rhe8 16. Kb1 Kb8 17. Ka1 Re7 18. Rd2 Rde8 19. Nh2 h5 20. h4 g4 21. Nf1
d5 22. exd5 Nxd5 23. Qc1 f5 24. Ne3 Nf6 25. Bh2 f4 26. Nc2 Qf5 27. f3 Bf7 28.
Bxf7 Rxf7 29. Bg1 Bxg1 30. Rxg1 Qe6 31. Nc5 Qd5 32. b4 gxf3 33. gxf3 Qxf3 34.
Rg6 Ng4 35. Qe1 Ka8 36. Ne6 Qd5 37. c4 Qd7 38. Nc5 Qf5 39. Rg5 Qc8 40. Qe4 f3
41. Ne3 Nd4 42. Nf1 Rf4 43. Qe1 f2 44. Qd1 Nf3 45. Rxg4 hxg4 46. Rxf2 Qd8 47.
Ne3 Qd4+ 0-1

[Event "Ïåðâåíñòâî Ìîñêâû"]
[Site "ÐœÐ¾Ñ�ÐºÐ²Ð°, ÐœÐ“Ð˜ÐœÐž Ð¿Ñ€."]
[Date "2018.11.25"]
[Round "9.6"]
[White "Andryushkevich, Ekaterina"]
[Black "Ivanova, Maria"]
[Result "0-1"]
[WhiteElo "1323"]
[BlackElo "1498"]
[PlyCount "90"]
[EventDate "2018.11.18"]

1. e4 c5 2. Nf3 e6 3. d4 cxd4 4. Nxd4 Nc6 5. Nc3 Qc7 6. Be2 a6 7. O-O Nf6 8.
Nxc6 bxc6 9. f4 d6 10. Bf3 Bb7 11. Qe2 Be7 12. e5 Nd7 13. Re1 O-O 14. Kh1 Rfd8
15. Bd2 dxe5 16. fxe5 Qxe5 17. Qf2 Qf5 18. Re4 Ne5 19. Bf4 Nxf3 20. gxf3 c5 21.
Rc4 e5 22. Re1 Bd6 23. Bg3 Qxf3+ 24. Qxf3 Bxf3+ 25. Kg1 f6 26. Ne4 Bxe4 27.
Rcxe4 Be7 28. R4e2 Rd7 29. Kf2 Rad8 30. Ke3 c4 31. c3 Rd3+ 32. Ke4 Bc5 33. Bf2
Bxf2 34. Rxf2 Kf7 35. Kf5 g6+ 36. Kg4 Kg7 37. Ree2 f5+ 38. Kh4 Kh6 39. Rg2 e4
40. h3 Kg7 41. a3 h6 42. a4 Kf6 43. Rc2 g5+ 44. Rxg5 hxg5+ 45. Kh5 Rxh3# 0-1

[Event "Ïåðâåíñòâî Ìîñêâû"]
[Site "ÐœÐ¾Ñ�ÐºÐ²Ð°, ÐœÐ“Ð˜ÐœÐž Ð¿Ñ€."]
[Date "2018.11.25"]
[Round "9.7"]
[White "Komarova, Viktoria"]
[Black "Bezenkina, Ekaterina"]
[Result "1/2-1/2"]
[WhiteElo "1424"]
[BlackElo "1311"]
[PlyCount "81"]
[EventDate "2018.11.18"]

1. d4 d5 2. c4 e6 3. Nc3 Nf6 4. cxd5 exd5 5. Bg5 Be7 6. e3 h6 7. Bh4 O-O 8. Bd3
Nc6 9. Nge2 Be6 10. O-O a6 11. Rc1 Bd6 12. Bg3 Re8 13. Na4 Bg4 14. Bxd6 Qxd6
15. a3 Bh5 16. Qc2 Bxe2 17. Bxe2 Ne4 18. Bd3 Rab8 19. b4 Re7 20. Bxe4 Rxe4 21.
Nc5 Re7 22. Nxb7 Nxb4 23. Nxd6 Nxc2 24. Rxc2 cxd6 25. Rc6 Reb7 26. Rxa6 Rb6 27.
Rxb6 Rxb6 28. a4 Kf8 29. a5 Ra6 30. Ra1 Ke7 31. Kf1 Kd7 32. Ke2 Kc6 33. Kd3 Kb5
34. Ra2 Rxa5 35. Rxa5+ Kxa5 36. Kc3 Kb5 37. Kb3 Ka5 38. Kc3 Kb5 39. Kb3 Ka5 40.
Kc3 Kb5 41. Kb3 1/2-1/2

[Event "Ïåðâåíñòâî Ìîñêâû"]
[Site "ÐœÐ¾Ñ�ÐºÐ²Ð°, ÐœÐ“Ð˜ÐœÐž Ð¿Ñ€."]
[Date "2018.11.25"]
[Round "9.8"]
[White "Panina, Sofya"]
[Black "Granovskaya, Ekaterina"]
[Result "0-1"]
[WhiteElo "1354"]
[BlackElo "1759"]
[PlyCount "50"]
[EventDate "2018.11.18"]

1. d4 d5 2. c4 e6 3. Nc3 Be7 4. Nf3 Nf6 5. Bf4 b6 6. e3 O-O 7. cxd5 Nxd5 8.
Nxd5 Qxd5 9. Bxc7 Bb4+ 10. Nd2 Ba6 11. Bxb8 Bxf1 12. Kxf1 Raxb8 13. a3 Be7 14.
Kg1 Rbc8 15. h3 Rc6 16. Kh2 Rfc8 17. Rf1 Rc2 18. b3 b5 19. a4 Bb4 20. Nc4 Rc3
21. axb5 Qxb5 22. Rc1 Rb8 23. Rxc3 Bxc3 24. Nd2 Bxd2 25. Qxd2 Qxf1 0-1